[Event "Gatineau Benevoles"]
[Site "Gatineau CAN"]
[Date "2013.12.01"]
[Round "4"]
[White "Sabourin, Yves"]
[Black "Raymond, Daniel"]
[Result "1-0"]
[WhiteElo "1459"]
[BlackElo "1614"]
[PlyCount "37"]
[GameId "2160767909208207"]
[EventDate "2013.12.10"]
[EventType "swiss"]
[EventRounds "4"]
[EventCountry "CAN"]
[SourceTitle "EXT 2022"]
[Source "ChessBase"]
[SourceDate "2021.10.06"]
[SourceVersion "1"]
[SourceVersionDate "2021.10.06"]
[SourceQuality "1"]

1. e4 c5 2. d4 cxd4 3. c3 dxc3 4. Nxc3 Nc6 5. Nf3 e5 6. Bc4 Be7 7. Qd5 d6 8. Qxf7+ Kd7 9. Be6+ Kc7 10. Nd5+ Kb8 11. Bxc8 Kxc8 12. Qxg7 Nf6 13. Nxe7+ Nxe7 14. Qxf6 Rf8 15. Qe6+ Kb8 16. O-O Ng6 17. Rd1 Kc7 18. Bg5 Qd7 19. Rac1+ 1-0

[Event "Gatineau Benevoles"]
[Site "Gatineau CAN"]
[Date "2013.12.01"]
[Round "4"]
[White "Traversy, Pierre"]
[Black "Carabineanu, Marcel"]
[Result "1-0"]
[WhiteElo "1172"]
[BlackElo "1312"]
[PlyCount "113"]
[GameId "2160767909208209"]
[EventDate "2013.12.10"]
[EventType "swiss"]
[EventRounds "4"]
[EventCountry "CAN"]
[SourceTitle "EXT 2022"]
[Source "ChessBase"]
[SourceDate "2021.10.06"]
[SourceVersion "1"]
[SourceVersionDate "2021.10.06"]
[SourceQuality "1"]

1. d4 Nf6 2. Nf3 d6 3. Nc3 Nc6 4. e4 Bg4 5. Bb5 Qd7 6. Be3 a6 7. Ba4 b5 8. Bb3 g6 9. h3 Bxf3 10. Qxf3 Bg7 11. O-O Na5 12. Ne2 Nxb3 13. axb3 O-O 14. Rfd1 b4 15. c3 h5 16. Bg5 Nh7 17. h4 Nxg5 18. hxg5 a5 19. Kf1 c6 20. Rd3 e5 21. d5 cxd5 22. Rxd5 Qc7 23. Qg3 Rfd8 24. Qd3 Bf8 25. Ng1 Be7 26. Qg3 Rd7 27. Nf3 Qd8 28. Rad1 Kg7 29. Nxe5 Rda7 30. Nc6 Qd7 31. Nxa7 Rxa7 32. Ra1 Qd8 33. f4 Qc7 34. Qd3 Ra6 35. Qd2 Bd8 36. Qd3 Qd7 37. Qd4+ Kg8 38. Qd3 Bc7 39. Qh3 Qe7 40. Qf3 Rc6 41. Qd3 Rc5 42. g3 Qe6 43. Rxc5 Qh3+ 44. Kf2 dxc5 45. Rg1 Kg7 46. Qf3 Qd7 47. Rd1 Qe6 48. Rd5 Bd6 49. Kg2 Be7 50. Qd3 Qg4 51. Qf3 Qe6 52. Qe2 Bf8 53. Qf3 Be7 54. Re5 Qd7 55. Qe2 Bd6 56. Qd3 Qg4 57. Qxd6 1-0

[Event "Gatineau Commanditaires"]
[Site "Gatineau CAN"]
[Date "2013.02.26"]
[Round "1"]
[White "Danilov, Alex"]
[Black "Berthiaume, Serge"]
[Result "1-0"]
[WhiteElo "1693"]
[BlackElo "1480"]
[PlyCount "61"]
[GameId "2160767909381564"]
[EventDate "2013.02.26"]
[EventType "swiss"]
[EventRounds "4"]
[EventCountry "CAN"]
[SourceTitle "EXT 2022"]
[Source "ChessBase"]
[SourceDate "2021.10.06"]
[SourceVersion "1"]
[SourceVersionDate "2021.10.06"]
[SourceQuality "1"]

1. e4 g6 2. Nf3 Bg7 3. d3 d6 4. g3 Bg4 5. Bg2 Nf6 6. Nbd2 c5 7. O-O Nc6 8. h3 Be6 9. Ng5 Bd7 10. f4 h6 11. Nxf7 Kxf7 12. e5 Nh5 13. f5 Nxe5 14. fxg6+ Ke8 15. Qxh5 Bc6 16. Ne4 Kd7 17. Be3 Qe8 18. Qf5+ Kc7 19. Qe6 Nxg6 20. Nxd6 exd6 21. Rf7+ Kb6 22. Qb3+ Ka6 23. Bxc6 Qxe3+ 24. Kh1 bxc6 25. Qb7+ Ka5 26. Qc7+ Kb5 27. a4+ Kb4 28. Qxc6 Rab8 29. Rb7+ Rxb7 30. Qxb7+ Ka5 31. Qb5# 1-0

[Event "Gatineau Commanditaires"]
[Site "Gatineau CAN"]
[Date "2013.02.26"]
[Round "1"]
[White "Guimond, Michel"]
[Black "Arsenault, Yves"]
[Result "1-0"]
[WhiteElo "1919"]
[BlackElo "1583"]
[PlyCount "93"]
[GameId "2160767909381565"]
[EventDate "2013.02.26"]
[EventType "swiss"]
[EventRounds "4"]
[EventCountry "CAN"]
[SourceTitle "EXT 2022"]
[Source "ChessBase"]
[SourceDate "2021.10.06"]
[SourceVersion "1"]
[SourceVersionDate "2021.10.06"]
[SourceQuality "1"]

1. e4 c5 2. Nf3 Nc6 3. d4 cxd4 4. Nxd4 Nf6 5. Nc3 e6 6. Be3 Bb4 7. f3 O-O 8. Nxc6 bxc6 9. a3 Be7 10. f4 d5 11. e5 Nd7 12. g3 c5 13. Bg2 Rb8 14. Na4 d4 15. Bf2 Ba6 16. b3 Nb6 17. Nxb6 Qxb6 18. Be4 Qa5+ 19. Qd2 Qxd2+ 20. Kxd2 f6 21. exf6 Bxf6 22. Bd3 Bb7 23. Rhe1 Bd5 24. Be4 Bxe4 25. Rxe4 Rfe8 26. Kd3 Rbc8 27. Rae1 Rc6 28. g4 Bd8 29. f5 Kf7 30. Bg3 Bb6 31. Kc4 a6 32. h4 Bd8 33. fxe6+ Rexe6 34. Rxe6 Rxe6 35. Rxe6 Kxe6 36. Kxc5 a5 37. Kxd4 Bb6+ 38. Kc4 g6 39. Kb5 Bd8 40. c4 h5 41. gxh5 gxh5 42. Kc6 Kf5 43. b4 Kg4 44. Be1 axb4 45. axb4 Bxh4 46. Bxh4 Kxh4 47. b5 1-0

[Event "Gatineau Commanditaires"]
[Site "Gatineau CAN"]
[Date "2013.02.26"]
[Round "1"]
[White "Jobin, Gilles G"]
[Black "Piche, Guy"]
[Result "1-0"]
[WhiteElo "1816"]
[BlackElo "1556"]
[PlyCount "53"]
[GameId "2160767909381566"]
[EventDate "2013.02.26"]
[EventType "swiss"]
[EventRounds "4"]
[EventCountry "CAN"]
[SourceTitle "EXT 2022"]
[Source "ChessBase"]
[SourceDate "2021.10.06"]
[SourceVersion "1"]
[SourceVersionDate "2021.10.06"]
[SourceQuality "1"]

1. Nf3 f5 2. d4 e6 3. g3 b6 4. Bg2 Bb7 5. O-O Nf6 6. c4 c5 7. Nc3 cxd4 8. Nxd4 Bxg2 9. Kxg2 Be7 10. Bf4 O-O 11. Ncb5 Ne8 12. Nf3 d6 13. Qd2 a6 14. Nc3 Nc6 15. Nd5 Rc8 16. Nxe7+ Qxe7 17. Rad1 Rd8 18. Qc3 Rd7 19. Qa3 a5 20. Qa4 Na7 21. Rd3 h6 22. Rfd1 g5 23. Be3 Nc8 24. Ne5 Qg7 25. Nxd7 Rf7 26. Nxb6 Nxb6 27. Qxe8+ 1-0

[Event "Gatineau Commanditaires"]
[Site "Gatineau CAN"]
[Date "2013.02.26"]
[Round "1"]
[White "Latreille, Etienne"]
[Black "Dagenais, Benoit"]
[Result "0-1"]
[WhiteElo "1474"]
[BlackElo "1738"]
[PlyCount "74"]
[GameId "2160767909381567"]
[EventDate "2013.02.26"]
[EventType "swiss"]
[EventRounds "4"]
[EventCountry "CAN"]
[SourceTitle "EXT 2022"]
[Source "ChessBase"]
[SourceDate "2021.10.06"]
[SourceVersion "1"]
[SourceVersionDate "2021.10.06"]
[SourceQuality "1"]

1. e4 Nf6 2. Nc3 d5 3. e5 d4 4. exf6 dxc3 5. bxc3 exf6 6. Bc4 Bd6 7. Ne2 O-O 8. O-O Nd7 9. d4 Nb6 10. Bd3 c5 11. Ng3 Bxg3 12. fxg3 cxd4 13. Bxh7+ Kxh7 14. Rf4 Qd5 15. Rh4+ Kg8 16. Qd3 Bf5 17. Qd1 Bg6 18. Rxd4 Qc5 19. Qd2 Rfd8 20. Kh1 Rxd4 21. cxd4 Qxc2 22. Qxc2 Bxc2 23. Be3 Re8 24. Bf2 Re2 25. Kg1 Be4 26. a4 Nd5 27. Rc1 Rb2 28. Re1 Rb1 29. Rxb1 Bxb1 30. h4 Bc2 31. a5 a6 32. Kh2 Nb4 33. Be1 Nd5 34. Kh3 Kf8 35. h5 Bd1 36. Kh4 Ne3 37. g4 Nxg2+ 0-1

[Event "Gatineau Commanditaires"]
[Site "Gatineau CAN"]
[Date "2013.02.26"]
[Round "1"]
[White "Lecorre, Joel"]
[Black "Legare, Gilles"]
[Result "1-0"]
[WhiteElo "1597"]
[BlackElo "1056"]
[PlyCount "89"]
[GameId "2160767909381569"]
[EventDate "2013.02.26"]
[EventType "swiss"]
[EventRounds "4"]
[EventCountry "CAN"]
[SourceTitle "EXT 2022"]
[Source "ChessBase"]
[SourceDate "2021.10.06"]
[SourceVersion "1"]
[SourceVersionDate "2021.10.06"]
[SourceQuality "1"]

1. g3 e6 2. Bg2 Nf6 3. d3 d5 4. Nd2 c5 5. e4 dxe4 6. Nxe4 Nxe4 7. Bxe4 Nd7 8. Qf3 Ne5 9. Qg2 Rb8 10. Nf3 Nxf3+ 11. Bxf3 b6 12. O-O Be7 13. Bf4 Bd6 14. Bc6+ Kf8 15. Qf3 Bxf4 16. Qxf4 Bb7 17. Bxb7 Rxb7 18. Rfe1 Rd7 19. Rxe6 Qc7 20. Rae1 Qd8 21. h4 h6 22. Qf5 Rg8 23. R6e5 g6 24. Qe4 Kg7 25. h5 Rd4 26. Qf3 gxh5 27. Qxh5 Rd7 28. R1e4 Kh7 29. Qf5+ Rg6 30. Re8 Qc7 31. Rg4 Re7 32. Rxg6 fxg6 33. Rxe7+ Qxe7 34. Qe4 Qf7 35. b3 h5 36. c3 Qg7 37. d4 cxd4 38. Qxd4 Qf7 39. Qe4 Kh6 40. Qf4+ Qxf4 41. gxf4 h4 42. Kg2 Kh5 43. Kh3 a5 44. a3 g5 45. fxg5 1-0

[Event "Gatineau Commanditaires"]
[Site "Gatineau CAN"]
[Date "2013.02.26"]
[Round "1"]
[White "Morel, Joseph"]
[Black "Simard, Paul"]
[Result "1-0"]
[WhiteElo "1655"]
[BlackElo "1223"]
[PlyCount "97"]
[GameId "2160767909381570"]
[EventDate "2013.02.26"]
[EventType "swiss"]
[EventRounds "4"]
[EventCountry "CAN"]
[SourceTitle "EXT 2022"]
[Source "ChessBase"]
[SourceDate "2021.10.06"]
[SourceVersion "1"]
[SourceVersionDate "2021.10.06"]
[SourceQuality "1"]

1. Nf3 Nc6 2. e4 e5 3. d4 exd4 4. Nxd4 Nge7 5. Be3 Nxd4 6. Bxd4 Nc6 7. Bc3 Bc5 8. Bxg7 Rg8 9. Bc3 d6 10. g3 Be6 11. Bg2 Qe7 12. Qh5 Nd4 13. Bxd4 Bxd4 14. c3 Bb6 15. Qxh7 O-O-O 16. Bh3 Rh8 17. Bxe6+ Qxe6 18. Qf5 Qxf5 19. exf5 Rde8+ 20. Kf1 Re5 21. Nd2 Rhe8 22. Nc4 Rxf5 23. Nxb6+ axb6 24. Re1 Rfe5 25. Rxe5 dxe5 26. Ke2 f5 27. h4 c5 28. h5 e4 29. h6 Rh8 30. Ke3 Kd7 31. Kf4 Ke6 32. Rh5 Kf6 33. Rxf5+ Kg6 34. Kxe4 Rxh6 35. Ke5 Rh2 36. Rf6+ Kg5 37. f4+ Kg4 38. Rg6+ Kf3 39. Rxb6 Kxg3 40. f5 Rh5 41. Ke6 Kf4 42. f6 Re5+ 43. Kf7 Kf5 44. Kg7 Re6 45. Rxe6 Kxe6 46. f7 b5 47. f8=Q Kd5 48. Qf5+ Kc4 49. Qe4# 1-0

[Event "Gatineau Commanditaires"]
[Site "Gatineau CAN"]
[Date "2013.02.26"]
[Round "1"]
[White "Raymond, Daniel"]
[Black "Rose, Richard1"]
[Result "0-1"]
[WhiteElo "1556"]
[BlackElo "1857"]
[PlyCount "68"]
[GameId "2160767909381571"]
[EventDate "2013.02.26"]
[EventType "swiss"]
[EventRounds "4"]
[EventCountry "CAN"]
[SourceTitle "EXT 2022"]
[Source "ChessBase"]
[SourceDate "2021.10.06"]
[SourceVersion "1"]
[SourceVersionDate "2021.10.06"]
[SourceQuality "1"]

1. e4 c5 2. Nf3 Nc6 3. d4 cxd4 4. Nxd4 d6 5. Nc3 a6 6. Be2 e5 7. Nb3 Be7 8. O-O Nf6 9. Be3 O-O 10. f3 Be6 11. Nd5 Bxd5 12. exd5 Na5 13. c4 Nd7 14. Nd2 b6 15. b4 Nb7 16. Bd3 a5 17. a3 f5 18. Qc2 Bg5 19. f4 exf4 20. Bxf4 Bxf4 21. Rxf4 axb4 22. Rxf5 Qh4 23. Nf3 Qh6 24. Rxf8+ Nxf8 25. g4 Nc5 26. Qe2 Qf6 27. Rb1 Rxa3 28. Bc2 Ra1 29. Qd1 Rxb1 30. Qxb1 Qc3 31. Qd1 Qxc4 32. Ng5 b3 33. Bxh7+ Nxh7 34. Nxh7 b2 0-1

[Event "Gatineau Commanditaires"]
[Site "Gatineau CAN"]
[Date "2013.02.26"]
[Round "1"]
[White "Raymond, Robert"]
[Black "Potvin, Daniel"]
[Result "0-1"]
[WhiteElo "1358"]
[BlackElo "1654"]
[PlyCount "100"]
[GameId "2160767909381572"]
[EventDate "2013.02.26"]
[EventType "swiss"]
[EventRounds "4"]
[EventCountry "CAN"]
[SourceTitle "EXT 2022"]
[Source "ChessBase"]
[SourceDate "2021.10.06"]
[SourceVersion "1"]
[SourceVersionDate "2021.10.06"]
[SourceQuality "1"]

1. e4 b6 2. d3 Bb7 3. Nc3 e6 4. g3 Bb4 5. Nge2 Nf6 6. Bg2 O-O 7. Bd2 d5 8. O-O dxe4 9. Nxe4 Nc6 10. Nxf6+ Qxf6 11. Bxb4 Nxb4 12. Bxb7 Rad8 13. Be4 c5 14. a3 Nd5 15. c4 Ne7 16. Rb1 Ng6 17. b4 Ne5 18. Nf4 Nxc4 19. Qg4 Ne5 20. Nh5 Nxg4 21. Nxf6+ Nxf6 22. bxc5 Nxe4 23. dxe4 bxc5 24. Rbc1 Rc8 25. Rc4 Rc7 26. Rfc1 Rfc8 27. Rb1 Kf8 28. a4 Ke7 29. a5 Kd6 30. f4 f6 31. g4 Rc6 32. Rb7 R8c7 33. Rxc7 Rxc7 34. Kf2 Kc6 35. Ra4 Kb5 36. Ra2 c4 37. Ke2 Kb4 38. Kd2 Kb3 39. Rc2 Rd7+ 40. Kc1 c3 41. h4 Rd4 42. Re2 Ra4 43. Kb1 Rxa5 44. f5 e5 45. g5 Rc5 46. Rc2 Ra5 47. Rg2 Ra4 48. gxf6 gxf6 49. Re2 Rd4 50. Kc1 a5 0-1

[Event "Gatineau Commanditaires"]
[Site "Gatineau CAN"]
[Date "2013.02.26"]
[Round "1"]
[White "Traversy, Pierre"]
[Black "Lemieux, Denis"]
[Result "0-1"]
[WhiteElo "1129"]
[BlackElo "1598"]
[PlyCount "186"]
[GameId "2160767909381573"]
[EventDate "2013.02.26"]
[EventType "swiss"]
[EventRounds "4"]
[EventCountry "CAN"]
[SourceTitle "EXT 2022"]
[Source "ChessBase"]
[SourceDate "2021.10.06"]
[SourceVersion "1"]
[SourceVersionDate "2021.10.06"]
[SourceQuality "1"]

1. d4 d5 2. Nf3 Nf6 3. Nc3 Bf5 4. Bf4 c6 5. e3 e6 6. a3 Nbd7 7. Ne5 h6 8. Be2 a6 9. Nxd7 Qxd7 10. h3 Rc8 11. Qd2 c5 12. Be5 Be7 13. Bf3 b5 14. b3 b4 15. Ne2 Qb5 16. a4 Qb6 17. Rc1 c4 18. Ng3 Bh7 19. Nh5 Nxh5 20. Bxh5 O-O 21. O-O f6 22. Bg3 a5 23. f4 Bd6 24. Bg4 f5 25. Bf3 c3 26. Qf2 Qb8 27. h4 Bg6 28. h5 Bf7 29. Be2 Qc7 30. Bh2 g5 31. hxg6 Bxg6 32. Qg3 Kh7 33. Kf2 Be7 34. Kg1 Rg8 35. Qe1 Qd8 36. g3 h5 37. Qd1 Qe8 38. Qe1 Qf7 39. Rf2 h4 40. Rg2 hxg3 41. Bxg3 Rh8 42. Rh2+ Kg7 43. Qf2 Rxh2 44. Qxh2 Rh8 45. Qg2 Kf8 46. Kf2 Qh7 47. Rg1 Kf7 48. Bf3 Bf6 49. Rh1 Qg7 50. Rd1 Ke7 51. Qf1 Qf8 52. Qg2 Bf7 53. Rh1 Rg8 54. Qf1 Qg7 55. Rg1 Qf8 56. Qa6 Qd8 57. Qb7+ Qd7 58. Qxd7+ Kxd7 59. Rh1 Rh8 60. Rxh8 Bxh8 61. Bh4 Bg7 62. Ke1 Kc6 63. Be7 Kd7 64. Bg5 Bf8 65. Kf2 Kc6 66. Bf6 Bd6 67. Bg5 Bc7 68. Bf6 Kd7 69. Kg3 Bd8 70. Be5 Ke7 71. Kf2 Be8 72. Be2 Bxa4 73. Bd1 Bb5 74. Be2 Bc6 75. Ke1 Kd7 76. Kd1 Bh4 77. Bd3 Kc8 78. Bd6 Kb7 79. Be5 Bd8 80. Bd6 Kc8 81. Be5 Bc7 82. Kc1 Bxe5 83. fxe5 Kb7 84. Be2 Kb6 85. Bd3 Bb5 86. Kb1 Bxd3 87. cxd3 Kb5 88. Ka2 a4 89. e4 dxe4 90. dxe4 fxe4 91. d5 axb3+ 92. Kxb3 exd5 93. e6 Kc6 0-1

[Event "Gatineau Commanditaires"]
[Site "Gatineau CAN"]
[Date "2013.03.05"]
[Round "2"]
[White "Arsenault, Yves"]
[Black "Legare, Gilles"]
[Result "1-0"]
[WhiteElo "1583"]
[BlackElo "1056"]
[PlyCount "71"]
[GameId "2160767909381574"]
[EventDate "2013.02.26"]
[EventType "swiss"]
[EventRounds "4"]
[EventCountry "CAN"]
[SourceTitle "EXT 2022"]
[Source "ChessBase"]
[SourceDate "2021.10.06"]
[SourceVersion "1"]
[SourceVersionDate "2021.10.06"]
[SourceQuality "1"]

1. e4 e5 2. Nf3 Nf6 3. Nc3 Bb4 4. d3 c6 5. Bd2 O-O 6. Nxe5 d6 7. Nf3 Nbd7 8. Be2 Ne5 9. O-O Bg4 10. Re1 Re8 11. h3 Bh5 12. a3 Ba5 13. b4 Bb6 14. a4 a6 15. a5 Nxf3+ 16. Bxf3 Bxf3 17. Qxf3 Bd4 18. Rac1 Be5 19. Ne2 g6 20. d4 Nd7 21. dxe5 Nxe5 22. Qg3 Re6 23. Nd4 Rf6 24. Bg5 h6 25. Bxf6 Qxf6 26. Nf5 Kh7 27. Nh4 Rg8 28. c4 g5 29. Nf5 h5 30. Red1 h4 31. Qe3 g4 32. Rxd6 Nf3+ 33. Kf1 Nh2+ 34. Ke1 Nf3+ 35. gxf3 Qg5 36. Rh6+ 1-0

[Event "Gatineau Commanditaires"]
[Site "Gatineau CAN"]
[Date "2013.03.05"]
[Round "2"]
[White "Choiniere, Rene"]
[Black "Danilov, Alex"]
[Result "1/2-1/2"]
[WhiteElo "1556"]
[BlackElo "1693"]
[PlyCount "54"]
[GameId "2160767909381576"]
[EventDate "2013.02.26"]
[EventType "swiss"]
[EventRounds "4"]
[EventCountry "CAN"]
[SourceTitle "EXT 2022"]
[Source "ChessBase"]
[SourceDate "2021.10.06"]
[SourceVersion "1"]
[SourceVersionDate "2021.10.06"]
[SourceQuality "1"]

1. e4 c5 2. c3 Nf6 3. e5 Nd5 4. d4 cxd4 5. cxd4 e6 6. Nf3 Nc6 7. Be2 d6 8. exd6 Bxd6 9. O-O O-O 10. Nc3 a6 11. Nxd5 exd5 12. Be3 Bd7 13. Rc1 Re8 14. Qb3 Bc8 15. Kh1 Ne7 16. Rfe1 b5 17. Bg5 f6 18. Be3 Be6 19. Bd2 Bf7 20. Bd3 Rc8 21. Bb4 Rxc1 22. Rxc1 Qd7 23. Bxd6 Qxd6 24. Qc2 Bg6 25. Bxg6 Nxg6 26. Re1 Rxe1+ 27. Nxe1 Nf4 1/2-1/2

[Event "Gatineau Commanditaires"]
[Site "Gatineau CAN"]
[Date "2013.03.05"]
[Round "2"]
[White "Piche, Guy"]
[Black "Raymond, Robert"]
[Result "1-0"]
[WhiteElo "1556"]
[BlackElo "1358"]
[PlyCount "77"]
[GameId "2160767909381578"]
[EventDate "2013.02.26"]
[EventType "swiss"]
[EventRounds "4"]
[EventCountry "CAN"]
[SourceTitle "EXT 2022"]
[Source "ChessBase"]
[SourceDate "2021.10.06"]
[SourceVersion "1"]
[SourceVersionDate "2021.10.06"]
[SourceQuality "1"]

1. f4 e6 2. Nf3 d5 3. e3 Nf6 4. b3 Be7 5. Bb2 b6 6. Bd3 O-O 7. O-O Bb7 8. Nc3 Bc5 9. Ne2 Nbd7 10. Ng3 Be7 11. Ne5 Nc5 12. Nh5 Nxd3 13. Nxd3 Ba6 14. Rf2 g6 15. Nxf6+ Bxf6 16. Ne5 Bb7 17. d3 c5 18. Qg4 Qe7 19. Rf3 h5 20. Qh3 d4 21. e4 Qd6 22. Nc4 Qe7 23. g4 hxg4 24. Qxg4 Kg7 25. Rh3 Rh8 26. e5 Rxh3 27. exf6+ Qxf6 28. Qxh3 Rh8 29. Qg3 Qh4 30. Qxh4 Rxh4 31. Rf1 Rg4+ 32. Kf2 Rxf4+ 33. Ke2 Rg4 34. Rf2 Rg5 35. Nd6 Re5+ 36. Kf1 Bd5 37. Rxf7+ Kh6 38. Bc1+ g5 39. h4 1-0

[Event "Gatineau Commanditaires"]
[Site "Gatineau CAN"]
[Date "2013.03.05"]
[Round "2"]
[White "Potvin, Daniel"]
[Black "Jobin, Gilles G"]
[Result "0-1"]
[WhiteElo "1654"]
[BlackElo "1816"]
[PlyCount "78"]
[GameId "2160767909381579"]
[EventDate "2013.02.26"]
[EventType "swiss"]
[EventRounds "4"]
[EventCountry "CAN"]
[SourceTitle "EXT 2022"]
[Source "ChessBase"]
[SourceDate "2021.10.06"]
[SourceVersion "1"]
[SourceVersionDate "2021.10.06"]
[SourceQuality "1"]

1. b3 e5 2. Bb2 Nc6 3. e3 d5 4. Bb5 Bd6 5. Ne2 Bd7 6. O-O Qg5 7. f4 Qh5 8. Qe1 f6 9. Nbc3 Nge7 10. Ng3 Qf7 11. Nce2 a6 12. Bxc6 Nxc6 13. c4 dxc4 14. Ne4 Qe7 15. bxc4 exf4 16. Nxd6+ Qxd6 17. Nxf4 Ne5 18. Qe2 Bg4 19. Bxe5 Bxe2 20. Bxd6 Bxf1 21. Kxf1 cxd6 22. Rb1 Rb8 23. Nd5 Kf7 24. Nb6 Rhd8 25. d4 f5 26. Kf2 Ke6 27. Kf3 g5 28. h3 h5 29. Rb2 Rg8 30. g4 fxg4+ 31. hxg4 Rgf8+ 32. Kg3 h4+ 33. Kg2 Rf7 34. Nd5 Rbf8 35. Nc3 h3+ 36. Kh2 Rf2+ 37. Rxf2 Rxf2+ 38. Kxh3 Rf3+ 39. Kg2 Rxe3 0-1

[Event "Gatineau Commanditaires"]
[Site "Gatineau CAN"]
[Date "2013.03.05"]
[Round "2"]
[White "Raymond, Daniel"]
[Black "Lecorre, Joel"]
[Result "1-0"]
[WhiteElo "1556"]
[BlackElo "1598"]
[PlyCount "111"]
[GameId "2160767909381580"]
[EventDate "2013.02.26"]
[EventType "swiss"]
[EventRounds "4"]
[EventCountry "CAN"]
[SourceTitle "EXT 2022"]
[Source "ChessBase"]
[SourceDate "2021.10.06"]
[SourceVersion "1"]
[SourceVersionDate "2021.10.06"]
[SourceQuality "1"]

1. e4 e6 2. d4 d5 3. Nd2 c5 4. exd5 exd5 5. Ngf3 Bg4 6. Bb5+ Nc6 7. Qe2+ Qe7 8. Qxe7+ Ngxe7 9. Ne5 Bf5 10. c3 cxd4 11. cxd4 f6 12. Nxc6 Nxc6 13. O-O a6 14. Re1+ Kd7 15. Bxc6+ Kxc6 16. Nb3 b6 17. Bf4 Bd6 18. Rac1+ Kd7 19. Bxd6 Kxd6 20. f3 h5 21. Kf2 Rac8 22. Rxc8 Rxc8 23. Rc1 Rc2+ 24. Rxc2 Bxc2 25. Nd2 g5 26. f4 g4 27. Kg3 Bg6 28. Nf1 Ke6 29. Ne3 a5 30. Kh4 b5 31. f5+ Bxf5 32. Kxh5 Bb1 33. a3 f5 34. Kg5 Bd3 35. h3 Be4 36. h4 g3 37. h5 b4 38. h6 Kf7 39. Nxf5 Kg8 40. Kf4 Kh7 41. Nxg3 Bxg2 42. Nf5 Be4 43. Ke5 bxa3 44. bxa3 Bf3 45. Ne7 Kxh6 46. Nxd5 Kg6 47. Ke6 Bg4+ 48. Ke7 Bf3 49. Nc7 Kf5 50. d5 Bxd5 51. Nxd5 Ke5 52. Nc7 Kd4 53. Kd6 Kc4 54. Kc6 Kb3 55. Nb5 Ka4 56. Kb6 1-0

[Event "Gatineau Commanditaires"]
[Site "Gatineau CAN"]
[Date "2013.03.05"]
[Round "2"]
[White "Rose, Richard1"]
[Black "Morel, Joseph"]
[Result "1/2-1/2"]
[WhiteElo "1857"]
[BlackElo "1655"]
[PlyCount "74"]
[GameId "2160767909381581"]
[EventDate "2013.02.26"]
[EventType "swiss"]
[EventRounds "4"]
[EventCountry "CAN"]
[SourceTitle "EXT 2022"]
[Source "ChessBase"]
[SourceDate "2021.10.06"]
[SourceVersion "1"]
[SourceVersionDate "2021.10.06"]
[SourceQuality "1"]

1. e4 c5 2. Nf3 e6 3. d4 cxd4 4. Nxd4 Nc6 5. Be3 Nf6 6. Bd3 Nb4 7. O-O Nxd3 8. Qxd3 d6 9. h3 Be7 10. c4 O-O 11. Nc3 a6 12. Rad1 Qc7 13. f4 b6 14. f5 e5 15. Nf3 Bb7 16. Nd2 Qc6 17. Nd5 Nxd5 18. exd5 Qc7 19. f6 Bxf6 20. Rxf6 gxf6 21. Bh6 Kh8 22. Ne4 f5 23. Nf6 Rg8 24. Nxg8 Rxg8 25. Qxf5 Rg6 26. Be3 Bc8 27. Qd3 Bxh3 28. Rd2 f5 29. Qb3 Qg7 30. Qxb6 Rxg2+ 31. Kh1 h5 32. Qd8+ Kh7 33. Qh4 Rxd2 34. Qxh5+ Kg8 35. Qe8+ Qf8 36. Qg6+ Qg7 37. Qe8+ Kh7 1/2-1/2

[Event "Gatineau Commanditaires"]
[Site "Gatineau CAN"]
[Date "2013.03.05"]
[Round "2"]
[White "Traversy, Pierre"]
[Black "Latreille, Etienne"]
[Result "1-0"]
[WhiteElo "1129"]
[BlackElo "1474"]
[PlyCount "95"]
[GameId "2160767909381582"]
[EventDate "2013.02.26"]
[EventType "swiss"]
[EventRounds "4"]
[EventCountry "CAN"]
[SourceTitle "EXT 2022"]
[Source "ChessBase"]
[SourceDate "2021.10.06"]
[SourceVersion "1"]
[SourceVersionDate "2021.10.06"]
[SourceQuality "1"]

1. d3 e5 2. e4 Bc5 3. Nc3 Nf6 4. Be2 c6 5. Be3 Qe7 6. Bxc5 Qxc5 7. Bf3 Qa5 8. Nge2 d5 9. exd5 cxd5 10. Qd2 Be6 11. Ng3 Nc6 12. Nb1 Qb5 13. c3 Rd8 14. O-O e4 15. Be2 Qb6 16. d4 O-O 17. f4 Rfe8 18. Qc2 Rc8 19. Qb3 Qc7 20. Qd1 Qd7 21. Nd2 Bg4 22. Nb3 b6 23. f5 Bxe2 24. Qxe2 Qb7 25. Nc1 Re7 26. b3 Nd8 27. Nh5 Nxh5 28. Qxh5 f6 29. Ne2 Nf7 30. h3 e3 31. Rae1 Qa6 32. Nf4 Rd8 33. Ne6 Rd6 34. Rf4 Qxa2 35. Rxe3 Qa3 36. Rg3 Rdxe6 37. fxe6 Rxe6 38. Qxd5 Qc1+ 39. Kh2 Qxf4 40. Qa8+ Nd8 41. Qxd8+ Kf7 42. Qd7+ Re7 43. Qd5+ Re6 44. Qc4 h5 45. d5 Re4 46. Qc6 h4 47. Qd7+ Kg8 48. Qxg7# 1-0

[Event "Gatineau Commanditaires"]
[Site "Gatineau CAN"]
[Date "2013.03.12"]
[Round "3"]
[White "Berthiaume, Serge"]
[Black "Arsenault, Yves"]
[Result "0-1"]
[WhiteElo "1480"]
[BlackElo "1583"]
[PlyCount "78"]
[GameId "2160767909381583"]
[EventDate "2013.02.26"]
[EventType "swiss"]
[EventRounds "4"]
[EventCountry "CAN"]
[SourceTitle "EXT 2022"]
[Source "ChessBase"]
[SourceDate "2021.10.06"]
[SourceVersion "1"]
[SourceVersionDate "2021.10.06"]
[SourceQuality "1"]

1. d4 Nf6 2. Nf3 d5 3. Bf4 Bg4 4. Ne5 Bh5 5. h3 Nbd7 6. g4 Bg6 7. Nxg6 hxg6 8. e3 e6 9. c4 dxc4 10. Bxc4 Nb6 11. Nc3 c6 12. Bd3 Nfd5 13. Bg3 Bb4 14. Qc2 Bd6 15. Bxd6 Qxd6 16. O-O-O Nb4 17. Qb3 Nxd3+ 18. Rxd3 f5 19. g5 O-O-O 20. Ne2 Qd5 21. Qxd5 Nxd5 22. Ng1 Nb4 23. Rb3 Nd5 24. Nf3 Ne7 25. Ne5 Rd5 26. Kc2 f4 27. h4 Rf8 28. Kd3 fxe3 29. fxe3 Rfd8 30. Rf1 Rxe5 31. Rf7 Nf5 32. Rbxb7 Rxe3+ 33. Kd2 Rxd4+ 34. Kc2 Re2+ 35. Kc3 Red2 36. b3 Ne3 37. b4 Nd1+ 38. Kb3 Rb2+ 39. Ka3 Rd3+ 0-1

[Event "Gatineau Commanditaires"]
[Site "Gatineau CAN"]
[Date "2013.03.12"]
[Round "3"]
[White "Dagenais, Benoit"]
[Black "Guimond, Michel"]
[Result "0-1"]
[WhiteElo "1738"]
[BlackElo "1919"]
[PlyCount "48"]
[GameId "2160767909381585"]
[EventDate "2013.02.26"]
[EventType "swiss"]
[EventRounds "4"]
[EventCountry "CAN"]
[SourceTitle "EXT 2022"]
[Source "ChessBase"]
[SourceDate "2021.10.06"]
[SourceVersion "1"]
[SourceVersionDate "2021.10.06"]
[SourceQuality "1"]

1. Nf3 Nf6 2. Nc3 c5 3. e4 d6 4. d4 cxd4 5. Nxd4 g6 6. f3 Bg7 7. Be3 O-O 8. Qd2 Re8 9. O-O-O Nc6 10. Bh6 Bh8 11. h4 Nxd4 12. Qxd4 Ng4 13. Qd2 Nxh6 14. Qxh6 Be6 15. Nd5 b5 16. h5 Bg7 17. Qf4 Qa5 18. a3 b4 19. Nxb4 Rab8 20. hxg6 hxg6 21. e5 Bxe5 22. Qh4 Bf6 23. Qh7+ Kf8 24. Rh4 Qg5+ 0-1